00975nam a2200229 a 4500001000900000005001700009008004100026020001500067040001800082050002400100245010700124260010600231300004200337500009700379500003200476504003100508600006000539600002100599600004900620700004700669700002900716BRCA_68420190320203115.0980211s1997 mx-a---##b---#000-0#spa-# a9687009551 aDLCcDLCdDLC 4aND259.V5b.C75 199710aCristóbal de Villalpandobca. 1649-1714 : catálogo razonadocJuana Gutiérrez Haces ... [et al.]. aMéxicobUNAM, Instituto de Investigaciones Estéticas : Fomento Cultural BANAMEX : CONACULTAc1997 a444 p.bil. (algunas a color)c32 cm. aCatálogo de la exposición realizada en el Palacio de Iturbide (Ciudad de México), 1997 aIncluye catálogo razonado aBibliografía: p. 431-43814aVillalpando, Cristóbal dedca. 1649-1714vCatálogos14aJesucristoxArte14aVirgen María en el artevCatálogosxArte1 aVillalpando, Cristóbal dedca. 1649-17141 aGutiérrez Haces, Juana